Normal view MARC view

Entry Nome pessoal

Number of records used in: 1

001 - NÚMERO DE CONTROLE

  • campo de controle: 549

003 - IDENTIFICADOR DO NÚMERO DE CONTROLE

  • campo de controle: Br

005 - DATA E HORÁRIO DA ÚLTIMA TRANSAÇÃO

  • campo de controle: 20250317134028.0

008 - CAMPO DE DADOS FIXOS

  • campo de controle de tamanho fixo: a a

035 ## - NÚMERO DE CONTROLE DO SISTEMA

  • Número de Controle do Sistema: 2002031511361923med

040 ## - FONTE DA CATALOGAÇÃO

  • Instituição da catalogação original: OSt

100 1# - CABEÇALHO--NOME PESSOAL

  • Nome pessoal: Hugo, Victor.
  • Datas associadas ao nome: 1802- 1885

670 ## - FONTE POSITIVA DOS DADOS

  • Citação da fonte positiva dos dados: Sec. de: Niskier, Arnaldo. Uma aventura no Pantanal. 1991
  • Dados encontrados na fonte localizada no subcampo: (p.r.: ilustrador)

670 ## - FONTE POSITIVA DOS DADOS

  • Citação da fonte positiva dos dados: http://diariodecuiaba.com.br/detalhe.php?cod=152509
  • Dados encontrados na fonte localizada no subcampo: (Victor Hugo - artista plástico autodidata, iniciou seu trabalho com ilustração para cinema em Cuiabá de 1969 a 1982. Na agenda várias exposições individuais, coletivas, e leilões de arte. É um artista eclético, em 1991 participou da III Bienal Nacional de Santos. E a partir desta década começa a realizar ilustrações para livros. Entre eles: Uma aventura no Pantanal)

675 ## - FONTE NEGATIVA DOS DADOS

  • Citação da fonte positiva dos dados: Bibl. de ilustr. bras.
  • Citação da fonte positiva dos dados: http://authorities.loc.gov 11/9/09

Powered by Koha